Heat exchanger design / (Record no. 15557)
[ view plain ]
| 000 -LEADER | |
|---|---|
| fixed length control field | 01308pam a2200253 a 4500 |
| 001 - CONTROL NUMBER | |
| control field | 11501 |
| 003 - CONTROL NUMBER IDENTIFIER | |
| control field | IN-BhIIT |
| 005 - DATE AND TIME OF LATEST TRANSACTION | |
| control field | 20260617125519.0 |
| 008 - FIXED-LENGTH DATA ELEMENTS--GENERAL INFORMATION | |
| fixed length control field | 880718s1989 nyua b 001 0 eng |
| 020 ## - INTERNATIONAL STANDARD BOOK NUMBER | |
| ISBN | 9788126530731 (pbk.) |
| 040 ## - CATALOGING SOURCE | |
| Original cataloging agency | IN-BhIIT |
| 041 ## - LANGUAGE CODE | |
| Language code of text | eng |
| 082 00 - DEWEY DECIMAL CLASSIFICATION NUMBER | |
| Classification number | 621.4025 |
| Book number | FRA/H |
| 100 1# - MAIN ENTRY--AUTHOR NAME | |
| Personal name | Fraas, Arthur P. |
| Relator term | Author |
| 245 10 - TITLE STATEMENT | |
| Title | Heat exchanger design / |
| Statement of responsibility, etc | Arthur P. Fraas. |
| 250 ## - EDITION STATEMENT | |
| Edition statement | 2nd ed. |
| 260 ## - PUBLICATION, DISTRIBUTION, ETC. (IMPRINT) | |
| Place of publication | New York : |
| Name of publisher | Wiley, |
| Year of publication | c1989. |
| 300 ## - PHYSICAL DESCRIPTION | |
| Number of Pages | x, 547 p. : |
| Other physical details(ill.) | ill. ; |
| Dimensions(size) | 29 cm. |
| 500 ## - GENERAL NOTE | |
| General note | "A Wiley-Interscience publication." |
| 504 ## - BIBLIOGRAPHY, ETC. NOTE | |
| Bibliography, etc | Includes bibliographies and index. |
| 520 ## - SUMMARY, ETC. | |
| Summary, etc | This Second Edition of the well-received work on design, construction, and operation of heat exchangers. Demonstrates how to apply theories of fluid mechanics and heat transfer to practical problems posed by design, testing, and installation of heat exchangers. Tables and data have been brought up to date, and there is new material on problems of vibration and fouling, and on optimization of energy use in the chemical process and manufacturing industries. Covers all basic principles of heat exchanger design, and addresses many specialized situations encountered in engineering applications. |
| 650 #0 - SUBJECT ADDED ENTRY--TOPICAL TERM | |
| Topical Term | Heat exchangers |
| General subdivision | Design and construction. |
| 942 ## - ADDED ENTRY ELEMENTS (KOHA) | |
| Koha item type | Technical Reference Book |
| Withdrawn status | Lost status | Damaged status | Not for loan | Collection code | Home library | Current library | Date acquired | Source of acquisition | Cost, normal purchase price | Full call number | Accession Number | Cost, replacement price | Price effective from | Koha item type |
|---|---|---|---|---|---|---|---|---|---|---|---|---|---|---|
| Not withdrawn | Not Lost | not damaged | SMS | Central Library, IIT Bhubaneswar | Central Library, IIT Bhubaneswar | 16/06/2026 | 26 | 971.25 | 621.4025 FRA/H | 11501 | 1295.00 | 16/06/2026 | Technical Reference Book |